| 000 | nam a22 a 4500 | ||
|---|---|---|---|
| 999 |
_c165484 _d165484 |
||
| 003 | BLK | ||
| 005 | 20220928091745.0 | ||
| 008 | 180410b bul|||||r ||||||| ||bul|| | ||
| 010 | _aKNG00173095000 | ||
| 040 | _aBLK | ||
| 041 |
_aBUL _cBUL |
||
| 080 |
_aБългарска литература _b821.163.2 _x-31 _z821.163.2-31 |
||
| 080 |
_aПериод на кризата на феодализма, зараждане на капиталистически отношения. Възраждане на българския народ (II пол. на ХVIII в. - 1878 г.) _b94(497.2)"1750/1878" _z94(497.2)"1750/1878" |
||
| 100 | 1 |
_aДелян, Димитър _eпърви автор _gКръстев, Димитър Константинов _9375861 |
|
| 139 |
_aДелян, Димитър _bД 39 |
||
| 245 | 1 | 0 |
_aЮнашка вяра _bРоман [за Георги Бенковски] _cДимитър Делян. |
| 257 | _aBGR | ||
| 260 |
_bХристо Г. Данов _c1975 _aПловдив |
||
| 300 |
_a239 с. _c20 см |
||
| 380 | _aX | ||
| 600 | 1 | 4 |
_aБенковски, Георги _9278579 |
| 852 |
_aЦб 75522 _bЦб |
||
| 856 | 4 | _qpdf | |
| 856 | 4 | _qpdf | |
| 942 |
_cKNG _n0 _s1 |
||
| 944 |
_aCR _c17.03.2015 _kРенета_Константинова |
||
| 944 |
_aED _c12.09.2017 _kПенка_Димитрова |
||
| 999 | _d165484 | ||